| 000 -LEADER |
| fixed length control field |
00484nam a22001817a 4500 |
| 003 - CONTROL NUMBER IDENTIFIER |
| control field |
OSt |
| 005 - DATE AND TIME OF LATEST TRANSACTION |
| control field |
20251127135222.0 |
| 008 - FIXED-LENGTH DATA ELEMENTS--GENERAL INFORMATION |
| fixed length control field |
251127b ||||| |||| 00| 0 eng d |
| 020 ## - INTERNATIONAL STANDARD BOOK NUMBER |
| International Standard Book Number |
9781839036309 |
| 040 ## - CATALOGING SOURCE |
| Transcribing agency |
KH8 |
| 082 04 - DEWEY DECIMAL CLASSIFICATION NUMBER |
| Classification number |
813.6 LAU |
| 100 1# - MAIN ENTRY--PERSONAL NAME |
| Personal name |
Laure, Estelle |
| Relator term |
author |
| 245 10 - TITLE STATEMENT |
| Title |
City of villains |
| Statement of responsibility, etc. |
Estelle Laure |
| 264 #1 - PRODUCTION, PUBLICATION, DISTRIBUTION, MANUFACTURE, AND COPYRIGHT NOTICE |
| Place of production, publication, distribution, manufacture |
Cottage Farm,NN6 0BJ,UK |
| Name of producer, publisher, distributor, manufacturer |
Autumn Publishing |
| Date of production, publication, distribution, manufacture, or copyright notice |
2021 |
| 300 ## - PHYSICAL DESCRIPTION |
| Extent |
266 pages |
| Dimensions |
12 cm x 19 cm |
| 655 #0 - INDEX TERM--GENRE/FORM |
| Genre/form data or focus term |
Young adult fiction |
| 942 ## - ADDED ENTRY ELEMENTS (KOHA) |
| Source of classification or shelving scheme |
|
| Koha item type |
Books - Fiction |